Conan Gray Discography (April 2026) - Statistics

General Stats
  • This quiz has been taken 261 times
    112 since last reset
  • The average score is 52 of 69
Answer Stats
% Correct
The Best
98%
Door
96%
Actor
94%
Heather
94%
Heather (Lost Verse Version) [Live]
94%
Care
92%
Eleven Eleven
92%
Vodka Cranberry
92%
This Song
90%
Moths
88%
Romeo
88%
Found Heaven
86%
Movies
86%
Caramel
84%
Connell
84%
My World
84%
People Watching
84%
Sunset Tower
84%
Alley Rose
82%
Maniac
82%
Nauseous
82%
Never Ending Song
82%
Best Friend
80%
Crush Culture
80%
Family Line
80%
The Cut That Always Bleeds
80%
Class Clown
78%
Do I Dare
78%
Greek God
78%
House That Always Rains
78%
Memories
78%
Winner
78%
Yours
78%
Boys & Girls
76%
Checkmate
76%
Lonely Dancers
76%
Lookalike
76%
The Exit
76%
Astronomy
75%
Footnote
75%
Generation Why
75%
(Online Love)
75%
The Story
75%
Jigsaw
73%
Bed Rest
71%
Wish You Were Sober
71%
Comfort Crowd
69%
idle town
69%
The Cut That Always Bleeds [Live]
69%
Affluenza
67%
Eye Of The Night
67%
Fake
67%
Summer Child
67%
(Can We Be Friends?)
63%
Little League
63%
The King
63%
Bourgeoisieses
61%
Disaster
61%
Holidays
61%
Fainted Love
59%
Overdrive
59%
Fight Or Flight
57%
Miss You
57%
The Final Fight
57%
Forever With Me
55%
Telepath
55%
Grow
53%
Killing Me
53%
The Other Side
47%
No matching quizzes found
Score Distribution
Percent of People with Each Score
Percentile by Number Answered
Your Score History
You have not taken this quiz since the last reset